Diagnóstico y tratamiento del glaucoma / (Record no. 31797)

MARC details
000 -LEADER
campo de control de longitud fija 00600nam a2200181 i 4500
001 - NÚMERO DE CONTROL
campo de control 31797
003 - IDENTIFICADOR DE NÚMERO DE CONTROL
campo de control ES-MaACL
005 - FECHA Y HORA DE LA ÚLTIMA TRANSACCIÓN
campo de control 20230906154438.0
007 - CAMPO FIJO DE DESCRIPCIÓN FÍSICA--INFORMACIÓN GENERAL
campo de control de longitud fija t|
008 - DATOS DE LONGITUD FIJA--INFORMACIÓN GENERAL
campo de control de longitud fija 030130s1965 sp ||||1| spa d
100 1# - ENTRADA PRINCIPAL--NOMBRE DE PERSONA
Nombre de persona Becker, Bernard.
9 (RLIN) 26935
245 10 - MENCIÓN DEL TÍTULO
Título Diagnóstico y tratamiento del glaucoma /
Mención de responsabilidad, etc. Bernard Becker, Robert N. Shaffer ; versión... Luis F. Pérez Martínez.
260 ## - PUBLICACIÓN, DISTRIBUCIÓN, ETC.
Lugar de publicación, distribución, etc. Barcelona :
Nombre del editor, distribuidor, etc. Toray,
Fecha de publicación, distribución, etc. 1965.
300 ## - DESCRIPCIÓN FÍSICA
Extensión XVI, 391 p., 5 lám. :
Otras características físicas il. ;
Dimensiones 25 cm.
700 1# - ENTRADA AGREGADA--NOMBRE PERSONAL
Nombre de persona Shaffer, Robert N.
9 (RLIN) 105982
700 1# - ENTRADA AGREGADA--NOMBRE PERSONAL
Nombre de persona Pérez Martínez, Luis.
9 (RLIN) 91009
852 ## - LOCALIZACIÓN
Ubicación ES-MaACL
Número de control de estantería C-27573
Sublocalización o colección R.58194
Holdings
Estatus retirado Estado de pérdida Estado de daño No para préstamo Biblioteca de origen Biblioteca actual Ubicación en estantería Fecha de adquisición Fuente de adquisición Total de préstamos Signatura topográfica completa Código de barras Visto por última vez Precio de reemplazo Tipo de ítem Koha
        Biblioteca del Ateneo de Madrid Biblioteca del Ateneo de Madrid Depósito 2 17/01/2008     C-27573 1032875 23/02/2023 23/02/2023 Libro impreso